Dos siglos de poesia norteamericana /
Guardado en:
| Autor Principal: | |
|---|---|
| Formato: | Libro |
| Publicado: |
Buenos Aires :
Corregidor,
1983
|
| Materias: | |
| Etiquetas: |
Agregar Etiqueta
Sin Etiquetas, Sea el primero en etiquetar este registro!
|
| LEADER | 00463nam a22001455a 4500 | ||
|---|---|---|---|
| 001 | EHU.bham007674 | ||
| 003 | AR-BHAM | ||
| 005 | 20091202145604.0 | ||
| 008 | 130507s1983##################000#0#####d | ||
| 082 | 8 | 1 | |a 811.08 |
| 100 | 1 | |a Casey, Alfredo, Trad. | |
| 245 | 1 | 0 | |a Dos siglos de poesia norteamericana / |c Alfredo, Trad. Casey. |
| 260 | |a Buenos Aires : |b Corregidor, |c 1983 | ||
| 653 | |a Poesia eeuu-colecciones | ||
| 859 | |a AR-BHAM |b BIB. HUMANIDADES - General |h 811.08 |i C268 |p 130.90 |t Ej.1 | ||
